| 000 | 01002nac a22002531u 4500 | ||
|---|---|---|---|
| 010 | _a 97050288 | ||
| 020 | _a0415154405 (hb) | ||
| 020 | _a0415154413 (pbk) | ||
| 082 | 0 | 0 |
_a307.3 _bFYF |
| 090 |
_c7578 _d7578 |
||
| 100 | _a20080729 | ||
| 245 | 0 | 0 |
_aImages of the street : _bplanning, identity, and control in public space / _cedited by Nicholas R. Fyfe. |
| 260 |
_aLondon ; _aNew York : _bRoutledge,1998 _c1998. |
||
| 300 |
_axv, 286 p. : _bill. ; _c25 cm. |
||
| 500 | _aPapers presented at a conference at the University of Strathclyde in Glasgow in 1996. | ||
| 500 | _adistributer: Al-Ahram | ||
| 504 | _aIncludes bibliographical references and index. | ||
| 511 | _acatalogue by: wessam | ||
| 650 | 0 |
_aCity planning _xCongresses. |
|
| 650 | 0 |
_aStreets _xSocial aspects _xCongresses. |
|
| 700 | 1 | _aFyfe, Nicholas R. | |
| 856 | 4 | 2 |
_3Publisher description _uhttp://www.loc.gov/catdir/enhancements/fy0649/97050288-d.html |
| 942 |
_cBB _k307.3FYF |
||
| 999 |
_c7578 _d7578 |
||